000 01157nab a22002177a 4500
999 _c5822
_d5822
003 OSt
005 20260107120445.0
008 190514b xxu||||| |||| 00| 0 spa d
040 _cPJ
100 _94325
_aTavip, Gabriel Eugenio
245 1 3 _aLas posibilidades del/de la alimentante como pauta para fijar y/o cuantificar cuotas alimentarias /
_cGabriel E. Tavip.
300 _ap. 47-62
505 _aSumario: I. Introducción.— II. Pauta variable de análisis.— III. Alimentos derivados de la responsabilidad parental.— IV. Alimentos derivados del parentesco.— V. Alimentos a cargo de abuelos/as.— VI. Alimentos entre cónyuges durante su vigencia y luego del divorcio.— VII. Alimentos a cargo del conviviente.— VIII. Necesidad de probar el extremo.— IX. Algunas reflexiones.
505 _tSi te interesa el texto, comunicate a koha@justierradelfuego.gov.ar
650 0 _9967
_aDERECHO DE FAMILIA
650 0 _9614
_aDERECHOS HUMANOS
650 0 _9968
_aALIMENTOS
650 0 _94099
_aCUOTA ALIMENTARIA
773 0 _02844
_93222
_dBuenos Aires : AbeledoPerrot, 1989-
_tDerecho de familia. N° 118 - Marzo 2025
_z18511201
942 _2udc
_cANA